|
|
|
|
| LEADER |
00000nam0a2200000 4500 |
| 001 |
268651 |
| 005 |
20231101234204.0 |
| 035 |
|
|
|a (RuTPU)RU\TPU\book\291804
|
| 090 |
|
|
|a 268651
|
| 100 |
|
|
|a 20140905d1987 k y0rusy50 ca
|
| 101 |
0 |
|
|a rus
|
| 102 |
|
|
|a RU
|
| 105 |
|
|
|a y g 001zy
|
| 200 |
1 |
|
|a Правила технической эксплуатации газодобывающих предприятий
|e справочник
|f сост. Г. З. Алисеенко ; Р. В. Говоровский ; В. С. Духовный ; А. И. Еськин
|
| 210 |
|
|
|a Москва
|c Недра
|d 1987
|
| 215 |
|
|
|a 136 с.
|
| 320 |
|
|
|a Библиогр.: с. 129-134
|
| 320 |
|
|
|a Термины и понятия: с. 127-128
|
| 606 |
1 |
|
|a Газовая промышленность, предприятия
|x Эксплуатация
|2 stltpush
|3 (RuTPU)RU\TPU\subj\4579
|9 32831
|
| 610 |
1 |
|
|a газодобывающие предприятия
|
| 610 |
1 |
|
|a техническая эксплуатация
|
| 610 |
1 |
|
|a газовые месторождения
|
| 610 |
1 |
|
|a газовые скважины
|
| 610 |
1 |
|
|a трубопроводы
|
| 610 |
1 |
|
|a трубопроводная арматура
|
| 610 |
1 |
|
|a технологические трубопроводы
|
| 610 |
1 |
|
|a трубчатые печи
|
| 610 |
1 |
|
|a газоконденсатные месторождения
|
| 610 |
1 |
|
|a технологические установки
|
| 610 |
1 |
|
|a транспортировка
|
| 610 |
1 |
|
|a холодильные стации
|
| 610 |
1 |
|
|a турбодетандеры
|
| 610 |
1 |
|
|a осушка
|
| 610 |
1 |
|
|a насосное оборудование
|
| 610 |
1 |
|
|a электрохимическая защита
|
| 610 |
1 |
|
|a коррозия
|
| 610 |
1 |
|
|a дожимные насосные станции
|
| 610 |
1 |
|
|a воздушные компрессоры
|
| 610 |
1 |
|
|a одоризация
|
| 610 |
1 |
|
|a энергоснабжение
|
| 610 |
1 |
|
|a канализация
|
| 610 |
1 |
|
|a очистные сооружения
|
| 610 |
1 |
|
|a техническое обслуживание
|
| 610 |
1 |
|
|a контрольно-измерительные приборы
|
| 610 |
1 |
|
|a автоматика
|
| 610 |
1 |
|
|a производственные процессы
|
| 610 |
1 |
|
|a техническая документация
|
| 610 |
1 |
|
|a охрана
|
| 610 |
1 |
|
|a окружающая среда
|
| 610 |
1 |
|
|a аварии
|
| 610 |
1 |
|
|a справочники
|
| 675 |
|
|
|a 622.324.012(035)
|v 3
|
| 702 |
|
1 |
|a Алисеенко
|b Г. З.
|4 220
|
| 702 |
|
1 |
|a Говоровский
|b Р. В.
|4 220
|
| 702 |
|
1 |
|a Духовный
|b В. С.
|4 220
|
| 702 |
|
1 |
|a Еськин
|b А. И.
|4 220
|
| 801 |
|
1 |
|a RU
|b 63413507
|c 20140905
|
| 801 |
|
2 |
|a RU
|b 63413507
|c 20170221
|g RCR
|
| 942 |
|
|
|c BK
|